<?xml version="1.0" encoding="UTF-8"?>
<record
    xmlns:xsi="http://www.w3.org/2001/XMLSchema-instance"
    xsi:schemaLocation="http://www.loc.gov/MARC21/slim http://www.loc.gov/standards/marcxml/schema/MARC21slim.xsd"
    xmlns="http://www.loc.gov/MARC21/slim">

  <leader>01152nam0a2200289 i 4500</leader>
  <controlfield tag="001">RU\NLR\BIBL_A\010709566</controlfield>
  <controlfield tag="005">20241105063218.0</controlfield>
  <datafield tag="010" ind1=" " ind2=" ">
    <subfield code="a">9785793406161</subfield>
    <subfield code="9">200</subfield>
  </datafield>
  <datafield tag="021" ind1=" " ind2=" ">
    <subfield code="a">RU</subfield>
    <subfield code="b">2015-9040</subfield>
    <subfield code="9">561</subfield>
  </datafield>
  <datafield tag="035" ind1=" " ind2=" ">
    <subfield code="a">(NILC)RuMoRGB-007870825</subfield>
  </datafield>
  <datafield tag="035" ind1=" " ind2=" ">
    <subfield code="a">(NLR Aleph) 010709566</subfield>
  </datafield>
  <datafield tag="090" ind1=" " ind2=" ">
    <subfield code="a">9763831</subfield>
    <subfield code="c">9763831</subfield>
  </datafield>
  <datafield tag="100" ind1=" " ind2=" ">
    <subfield code="a">20150330d2015    um y0rusy50      ca</subfield>
  </datafield>
  <datafield tag="101" ind1="0" ind2=" ">
    <subfield code="a">rus</subfield>
  </datafield>
  <datafield tag="102" ind1=" " ind2=" ">
    <subfield code="a">RU</subfield>
  </datafield>
  <datafield tag="105" ind1=" " ind2=" ">
    <subfield code="a">ac||z|||000yy</subfield>
  </datafield>
  <datafield tag="200" ind1="1" ind2=" ">
    <subfield code="a">&#x41F;&#x443;&#x442;&#x435;&#x432;&#x44B;&#x435; &#x437;&#x430;&#x43C;&#x435;&#x442;&#x43A;&#x438;</subfield>
    <subfield code="e">[&#x410;&#x43C;&#x435;&#x440;&#x438;&#x43A;&#x430;, &#x410;&#x43B;&#x44F;&#x441;&#x43A;&#x430;, &#x41C;&#x435;&#x43A;&#x441;&#x438;&#x43A;&#x430;, &#x413;&#x432;&#x430;&#x442;&#x435;&#x43C;&#x430;&#x43B;&#x430;, &#x413;&#x43E;&#x43D;&#x434;&#x443;&#x440;&#x430;&#x441;, &#x41A;&#x41D;&#x414;&#x420;, &#x42E;&#x436;&#x43D;&#x430;&#x44F; &#x41A;&#x43E;&#x440;&#x435;&#x44F;, &#x42F;&#x43F;&#x43E;&#x43D;&#x438;&#x44F;]</subfield>
    <subfield code="f">&#x421;&#x435;&#x440;&#x433;&#x435;&#x439; &#x413;&#x43E;&#x440;&#x431;&#x443;&#x43D;&#x43E;&#x432;</subfield>
  </datafield>
  <datafield tag="210" ind1=" " ind2=" ">
    <subfield code="a">&#x421;&#x44B;&#x43A;&#x442;&#x44B;&#x432;&#x43A;&#x430;&#x440;</subfield>
    <subfield code="c">&#x41A;&#x43E;&#x43C;&#x438; &#x440;&#x435;&#x441;&#x43F;&#x443;&#x431;&#x43B;&#x438;&#x43A;&#x430;&#x43D;&#x441;&#x43A;&#x430;&#x44F; &#x442;&#x438;&#x43F;&#x43E;&#x433;&#x440;&#x430;&#x444;&#x438;&#x44F;</subfield>
    <subfield code="d">2015</subfield>
  </datafield>
  <datafield tag="215" ind1=" " ind2=" ">
    <subfield code="a">99 &#x441;., [8] &#x43B;. &#x446;&#x432;.</subfield>
    <subfield code="d">20</subfield>
  </datafield>
  <datafield tag="607" ind1=" " ind2=" ">
    <subfield code="a">&#x421;&#x442;&#x440;&#x430;&#x43D;&#x44B; &#x43C;&#x438;&#x440;&#x430;</subfield>
    <subfield code="x">&#x41E;&#x43F;&#x438;&#x441;&#x430;&#x43D;&#x438;&#x435; &#x438; &#x43F;&#x443;&#x442;&#x435;&#x448;&#x435;&#x441;&#x442;&#x432;&#x438;&#x44F;</subfield>
    <subfield code="9">2625615</subfield>
    <subfield code="3">RU\NLR\AUTH\661562175</subfield>
  </datafield>
  <datafield tag="686" ind1="1" ind2=" ">
    <subfield code="a">&#x414;890(0)02</subfield>
  </datafield>
  <datafield tag="700" ind1=" " ind2="1">
    <subfield code="a">&#x413;&#x43E;&#x440;&#x431;&#x443;&#x43D;&#x43E;&#x432;</subfield>
    <subfield code="b">&#x421;. &#x421;.</subfield>
    <subfield code="g">&#x421;&#x435;&#x440;&#x433;&#x435;&#x439; &#x421;</subfield>
  </datafield>
  <datafield tag="801" ind1=" " ind2="0">
    <subfield code="a">RU</subfield>
    <subfield code="b">&#x420;&#x413;&#x411;</subfield>
    <subfield code="c">20150218</subfield>
    <subfield code="g">RCR</subfield>
  </datafield>
  <datafield tag="942" ind1=" " ind2=" ">
    <subfield code="c">BOOK</subfield>
  </datafield>
  <datafield tag="980" ind1=" " ind2=" ">
    <subfield code="a">NBR</subfield>
  </datafield>
</record>
